000 00377pab a2200133 454500
008 180718b xxu||||| |||| 00| 0 eng d
100 _aRay, J.N.
245 _aA unified system of local self government in West-Bengal
650 _a Local Self Government
650 _a Local Government
650 _aLocal Government - India - West Bengal
773 _aNagarlok
909 _a22801
999 _c22801
_d22801